[Event "Konnerud CC-ch"]
[Site "Konnerud"]
[Date "2019.03.20"]
[Round "7"]
[White "Stenseng, Benjamin"]
[Black "Hellenes, Andre Tsolis"]
[Result "0-1"]
[WhiteElo "1490"]
[BlackElo "1693"]
[PlyCount "48"]
[EventDate "2019.01.16"]
[EventType "swiss"]
[EventRounds "9"]
[EventCountry "NOR"]
[SourceTitle "EXT 2024"]
[Source "ChessBase"]
[SourceDate "2023.10.10"]
[SourceVersion "1"]
[SourceVersionDate "2023.10.10"]
[SourceQuality "1"]

1. e4 c6 2. d4 d5 3. exd5 cxd5 4. c4 dxc4 5. Bxc4 Nf6 6. Nc3 e6 7. Nf3 Be7 8. Bf4 a6 9. 0-0 0-0 10. Rc1 b5 11. Bd3 Bb7 12. Ne5 Nc6 13. Nxc6 Bxc6 14. Qd2 Rc8 15. Rfd1 Nd5 16. Nxd5 Qxd5 17. f3 Qxd4+ 18. Be3 Qf6 19. Qa5 Qe5 20. Bf2 Bb7 21. Bc2 Bg5 22. f4 Bxf4 23. Bg3 Qe2 24. Bxf4 Qxg2# 0-1

[Event "Konnerud CC-ch"]
[Site "Konnerud"]
[Date "2018.03.21"]
[Round "7"]
[White "Hellenes, Andre Tsolis"]
[Black "Aure, Anders Nilsson"]
[Result "0-1"]
[WhiteElo "1688"]
[BlackElo "1758"]
[PlyCount "52"]
[EventDate "2018.01.10"]
[EventType "swiss"]
[EventRounds "9"]
[EventCountry "NOR"]
[SourceTitle "EXT 2024"]
[Source "ChessBase"]
[SourceDate "2023.10.10"]
[SourceVersion "1"]
[SourceVersionDate "2023.10.10"]
[SourceQuality "1"]

1. d4 Nf6 2. c4 e5 3. d5 Bc5 4. Nc3 0-0 5. e4 d6 6. Be2 c6 7. Bd2 Na6 8. h3 Qb6 9. Be3 Bxe3 10. fxe3 Qxe3 11. Qd3 Qg5 12. Kf2 Nc5 13. Qe3 Qg6 14. Bf3 cxd5 15. cxd5 Nh5 16. Nge2 Nf4 17. Rad1 Nxe2 18. Kxe2 f5 19. b4 fxe4 20. Nxe4 Nxe4 21. Bxe4 Bf5 22. Bxf5 Qxg2+ 23. Qf2 Qxf2+ 24. Kxf2 Rxf5+ 25. Ke3 Raf8 26. Rdg1 Rf3+ 0-1

[Event "Konnerud CC-ch"]
[Site "Konnerud"]
[Date "2018.01.31"]
[Round "3"]
[White "Hellenes, Andre Tsolis"]
[Black "Hoisveen, Tore"]
[Result "1/2-1/2"]
[WhiteElo "1688"]
[BlackElo "1572"]
[PlyCount "57"]
[EventDate "2018.01.10"]
[EventType "swiss"]
[EventRounds "9"]
[EventCountry "NOR"]
[SourceTitle "EXT 2024"]
[Source "ChessBase"]
[SourceDate "2023.10.10"]
[SourceVersion "1"]
[SourceVersionDate "2023.10.10"]
[SourceQuality "1"]

1. d4 d5 2. c4 c6 3. Nc3 e6 4. Nf3 Nf6 5. Bg5 Be7 6. e3 h6 7. Bh4 0-0 8. Bd3 Nh7 9. Bxe7 Qxe7 10. cxd5 cxd5 11. Qc2 Ng5 12. Nd2 Nc6 13. a3 f5 14. Ne2 Bd7 15. Nf4 Rf6 16. h4 Ne4 17. Nxe4 fxe4 18. Be2 Rxf4 19. exf4 Nxd4 20. Qd1 Qf6 21. g3 Rc8 22. 0-0 Rc2 23. Bg4 Rxb2 24. Rb1 Rxb1 25. Qxb1 Bc6 26. Rd1 Nf3+ 27. Bxf3 exf3 28. Qd3 a6 29. Qd4 1/2-1/2

[Event "Konnerud Autumn"]
[Site "Konnerud"]
[Date "2017.11.08"]
[Round "7"]
[White "Taksrud, Vidar"]
[Black "Hellenes, Andre Tsolis"]
[Result "1-0"]
[WhiteElo "1983"]
[BlackElo "1714"]
[PlyCount "61"]
[EventDate "2017.09.20"]
[EventType "swiss"]
[EventRounds "9"]
[EventCountry "NOR"]
[SourceTitle "EXT 2024"]
[Source "ChessBase"]
[SourceDate "2023.10.10"]
[SourceVersion "1"]
[SourceVersionDate "2023.10.10"]
[SourceQuality "1"]

1. d4 d5 2. Nf3 Nf6 3. g3 c5 4. Bg2 Nc6 5. 0-0 e6 6. Bf4 cxd4 7. Nxd4 Be7 8. c4 0-0 9. Nc3 Nxd4 10. Qxd4 dxc4 11. Qxc4 a6 12. Bc7 Qd2 13. Rfd1 Qg5 14. Rac1 Qc5 15. Na4 Qxc4 16. Rxc4 b5 17. Bxa8 bxc4 18. Nb6 Bc5 19. Nxc4 Bd7 20. Ne5 Bb5 21. Bf3 Rc8 22. Ba5 h6 23. b3 Ba7 24. a4 Be8 25. Nc4 Bxa4 26. Nd6 Bxb3 27. Nxc8 Bxf2+ 28. Kxf2 Bxd1 29. Bb7 Ng4+ 30. Ke1 Bb3 31. h3 1-0

[Event "Drammen CC-ch Class1"]
[Site "Drammen"]
[Date "2016.04.12"]
[Round "8"]
[White "Hellenes, Andre Tsolis"]
[Black "Sama, Gunnar"]
[Result "1-0"]
[WhiteElo "1489"]
[BlackElo "1411"]
[PlyCount "135"]
[EventDate "2016.01.26"]
[EventType "tourn"]
[EventRounds "9"]
[EventCountry "NOR"]
[SourceTitle "EXT 2024"]
[Source "ChessBase"]
[SourceDate "2023.10.10"]
[SourceVersion "1"]
[SourceVersionDate "2023.10.10"]
[SourceQuality "1"]

1. d4 Nf6 2. c4 e6 3. Nf3 Bb4+ 4. Bd2 Qe7 5. Nc3 0-0 6. Qc2 b6 7. e4 Bxc3 8. Bxc3 Bb7 9. Be2 d6 10. Bd3 h6 11. 0-0 Nbd7 12. Rad1 Rfd8 13. Rfe1 e5 14. d5 Nh5 15. Bd2 g5 16. Be3 Ndf6 17. g3 Bc8 18. h4 Ng4 19. Bc1 f6 20. Kg2 Kh7 21. Rh1 Nf4+ 22. gxf4 gxf4 23. Rdg1 Rg8 24. Kf1 h5 25. Ke1 Bd7 26. Bf1 Rg7 27. Bh3 Rag8 28. Bxg4 hxg4 29. Nd2 Qf7 30. Qd3 Qh5 31. Qe2 a5 32. Kd1 Qh6 33. h5 Rg5 34. Qf1 Qf8 35. Qe2 Kg7 36. Kc2 Kf7 37. Qd3 Ke7 38. h6 Rh8 39. h7 Be8 40. Rh4 Qg7 41. Qe2 Bd7 42. Rgh1 g3 43. Nf3 Bg4 44. fxg3 Bxf3 45. Qxf3 Rxg3 46. Qh5 Rg2+ 47. Kb1 Qg5 48. Qxg5 fxg5 49. Rh6 g4 50. Rg6 Kf7 51. Rg5 g3 52. Rf5+ Kg6 53. Rhh5 Rh2 54. Rfg5+ Kf7 55. Rxh2 gxh2 56. Rh5 Kg7 57. Rxh2 Kg6 58. Kc2 Kg5 59. Kd1 Kg4 60. Ke2 Kg3 61. Rh6 Kg4 62. Rg6+ Kh5 63. Rg7 Kh6 64. Rxc7 Rxh7 65. Rxh7+ Kxh7 66. b3 Kg6 67. Ba3 Kg5 68. Kf3 1-0

[Event "Drammen CC-ch Class1"]
[Site "Drammen"]
[Date "2016.02.09"]
[Round "4"]
[White "Hellenes, Andre Tsolis"]
[Black "Yilmaz, Kazim"]
[Result "1/2-1/2"]
[WhiteElo "1489"]
[BlackElo "1309"]
[PlyCount "37"]
[EventDate "2016.01.26"]
[EventType "tourn"]
[EventRounds "9"]
[EventCountry "NOR"]
[SourceTitle "EXT 2024"]
[Source "ChessBase"]
[SourceDate "2023.10.10"]
[SourceVersion "1"]
[SourceVersionDate "2023.10.10"]
[SourceQuality "1"]

1. d4 Nf6 2. c4 e6 3. Nf3 Bb4+ 4. Bd2 Qe7 5. Nc3 0-0 6. Qc2 d5 7. e3 c5 8. cxd5 exd5 9. dxc5 Qxc5 10. Rc1 Nc6 11. Be2 d4 12. exd4 Nxd4 13. Nxd4 Qxd4 14. Be3 Bxc3+ 15. Qxc3 Qxc3+ 16. Rxc3 Nd5 17. Ra3 Nxe3 18. Rxe3 Be6 19. a3 1/2-1/2